Post scriptum a "Dependencia y desarrollo en América Latina" (Registro nro. 16268)

Detalles MARC
000 -LEADER
fixed length control field 00392 a2200121 4500
001 - CONTROL NUMBER
control field ART_3264
005 - DATE AND TIME OF LATEST TRANSACTION
control field 20260410161713.0
008 - FIXED-LENGTH DATA ELEMENTS--GENERAL INFORMATION
fixed length control field 260409a
100 1# - MAIN ENTRY--PERSONAL NAME
Personal name Cardoso, Fernando Henrique
245 10 - TITLE STATEMENT
Title Post scriptum a "Dependencia y desarrollo en América Latina"
700 1# - ADDED ENTRY--PERSONAL NAME
Personal name Faletto, Enzo
773 0# - HOST ITEM ENTRY
Title Desarrollo económico
Related parts - Vol. 17, Nº 66 (jul./sep. 1977)
Record control number REV1174

No hay ítems disponibles.